Un viento de madera = (Record no. 184049)

MARC details
000 -LEADER
campo de control de longitud fija 01273nam a2200313 i 4500
001 - NÚMERO DE CONTROL
campo de control 184049
003 - IDENTIFICADOR DE NÚMERO DE CONTROL
campo de control ES-MaACL
005 - FECHA Y HORA DE LA ÚLTIMA TRANSACCIÓN
campo de control 20251017120203.0
008 - DATOS DE LONGITUD FIJA--INFORMACIÓN GENERAL
campo de control de longitud fija 150225s2014 sp co |||| |dmul d
020 ## - NÚMERO INTERNACIONAL ESTÁNDAR DEL LIBRO
Número Internacional Estándar del Libro 9788415940517
080 ## - NÚMERO DE LA CLASIFICACIÓN DECIMAL UNIVERSAL
Número de la Clasificación Decimal Universal 821.134.2-1"20"
100 1# - ENTRADA PRINCIPAL--NOMBRE DE PERSONA
Nombre de persona Othman-Bentria Ramos, Farid,
Fechas asociadas al nombre 1979-
Término indicativo de función/relación Autor
9 (RLIN) 175800
245 13 - MENCIÓN DEL TÍTULO
Título Un viento de madera =
Resto del título Un vent de bois /
Mención de responsabilidad, etc. Farid Othman-Bentria Ramos ; [edición a cargo de Víctor Miguel Gallardo Barragán] ; [con prólogos de = avec préfaces par José Monleón, Ana Rossetti, Abdellatif Limami].
250 ## - MENCION DE EDICION
Mención de edición 1ª ed.
260 ## - PUBLICACIÓN, DISTRIBUCIÓN, ETC.
Lugar de publicación, distribución, etc. Granada :
Nombre del editor, distribuidor, etc. Dauro,
Fecha de publicación, distribución, etc. 2014.
300 ## - DESCRIPCIÓN FÍSICA
Extensión 168 p. , 1 h. de lám. col., [7] p., :
Otras características físicas fot. col. y n. ;
Dimensiones 21 x 21 cm.
490 1# - MENCIÓN DE SERIE
Mención de serie Texturas
546 ## - NOTA DE IDIOMA
Nota de lengua/lenguaje Textos en español, francés y árabe.
546 ## - NOTA DE IDIOMA
Nota de lengua/lenguaje Algunos textos en amazigh; lengua bereber (nota tomada de editor)
700 1# - ENTRADA AGREGADA--NOMBRE PERSONAL
Nombre de persona Gallardo Barragán, Víctor Miguel,
Fechas asociadas al nombre 1979-
9 (RLIN) 156446
700 1# - ENTRADA AGREGADA--NOMBRE PERSONAL
Nombre de persona Monleón, José,
Fechas asociadas al nombre 1927-2016
9 (RLIN) 82230
700 1# - ENTRADA AGREGADA--NOMBRE PERSONAL
Nombre de persona Rossetti, Ana,
Fechas asociadas al nombre 1950-
9 (RLIN) 242375
700 1# - ENTRADA AGREGADA--NOMBRE PERSONAL
Nombre de persona Limami, Abdellatif.
9 (RLIN) 156447
740 32 - ENTRADA AGREGADA--TÍTULO RELACIONADO/ANALÍTICO NO CONTROLADO
Título relacionado o analítico no controlado Un vent de bois.
830 1# - PUNTO DE ACCESO ADICIONAL DE SERIE-TÍTULO UNIFORME
Título uniforme Texturas
9 (RLIN) 176532
852 4# - LOCALIZACIÓN
Ubicación ES-MaACL
Número de control de estantería A-13406
itemnumber 191015
Sublocalización o colección R.150190
Ubicación en estantería Depósito 1
Signatura antigua N-6406
942 ## - ELEMENTOS DE ENTRADA SECUNDARIOS (KOHA)
Fuente del sistema de clasificación o colocación Clasificación decimal universal
Tipo de ítem Koha Libro impreso
Holdings
Estatus retirado Estado de pérdida Fuente del sistema de clasificación o colocación Estado de daño No para préstamo Biblioteca de origen Biblioteca actual Ubicación en estantería Fecha de adquisición Fuente de adquisición Total de préstamos Signatura topográfica completa Código de barras Visto por última vez Precio de reemplazo Tipo de ítem Koha
    Clasificación decimal universal     Biblioteca del Ateneo de Madrid Biblioteca del Ateneo de Madrid Depósito 1 25/02/2015 Donación   A-13406 1193536 23/02/2023 23/02/2023 Libro impreso